Chartered Surveyors Channel : construction option 2 - June 2000 (Record no. 100873)
[ view plain ]
| 000 -LEADER | |
|---|---|
| fixed length control field | 01964cam a2200241 4500 |
| 001 - CONTROL NUMBER | |
| control field | J107491 |
| 008 - FIXED-LENGTH DATA ELEMENTS--GENERAL INFORMATION | |
| fixed length control field | 000000n2000 000 0 eng u |
| 035 ## - SYSTEM CONTROL NUMBER | |
| System control number | (Sirsi) u109022 |
| 110 ## - MAIN ENTRY--CORPORATE NAME | |
| Corporate name or jurisdiction name as entry element | Television Education Network |
| 9 (RLIN) | 3468 |
| 245 ## - TITLE STATEMENT | |
| Title | Chartered Surveyors Channel : construction option 2 - June 2000 |
| 260 ## - PUBLICATION, DISTRIBUTION, ETC. | |
| Place of publication, distribution, etc. | London |
| Name of publisher, distributor, etc. | TEN |
| Date of publication, distribution, etc. | 2000 |
| 300 ## - PHYSICAL DESCRIPTION | |
| Extent | 1 video cassette (101mins) |
| 505 ## - FORMATTED CONTENTS NOTE | |
| Formatted contents note | 213 News review - (11mins) One of the country's most important Elizabethan buildings is to be converted into flats in an unprecedented deal struck between English Heritage and a property developer. The Millennium bridge is inspired by the scientifc heros of Norman Foster's youth and looks every inch the futuristic structure the architects intended; builders and lift manufacturers are set for an upsurge in business as the Disability Discrimination Act comes into full effect. The future of the Millennium Dome has come down to a battle between business and leisure. The most expensive office block in Britain, Portcullis House, is on course for a July opening. RICS News; the RICS has been accused of insularity in failing to back a single set of standards for valuation around the world; The RICS has issued a mainfesto outlining concerns it would like to see addressed by the new mayor and London assembly. |
| 505 ## - FORMATTED CONTENTS NOTE | |
| Formatted contents note | 214 Project and contract management - (25mins) Coping in an England Industry |
| 505 ## - FORMATTED CONTENTS NOTE | |
| Formatted contents note | 247 Facilities Management - (11mins) Facilities management in practice - case study at West Suffolk |
| 505 ## - FORMATTED CONTENTS NOTE | |
| Formatted contents note | 189 Building regulations and health and safety - (19mins) Roles of the duty holders |
| 505 ## - FORMATTED CONTENTS NOTE | |
| Formatted contents note | 215 Building construction and surveys - (16mins) High voltage overhead transmission lines and public perceptions of risk |
| 505 ## - FORMATTED CONTENTS NOTE | |
| Formatted contents note | 088 Design and new technology - (19mins) Tamar Bridge strenghtening works |
| 650 ## - SUBJECT ADDED ENTRY--TOPICAL TERM | |
| Topical term or geographic name entry element | TEN |
| 650 ## - SUBJECT ADDED ENTRY--TOPICAL TERM | |
| Topical term or geographic name entry element | VIDEOS |
| 690 ## - LOCAL SUBJECT ADDED ENTRY--TOPICAL TERM (OCLC, RLIN) | |
| Topical term or geographic name as entry element | MANAGEMENT-BUSINESS MANAGEMENT-PROFESSIONAL PRACTICE |
| 942 ## - ADDED ENTRY ELEMENTS (KOHA) | |
| Suppress in OPAC | 0 |
No items available.